The method of nature (Record no. 2898)
[ view plain ]
| 000 -LEADER | |
|---|---|
| fixed length control field | 01196nam a2200277Ia 4500 |
| 100 1# - MAIN ENTRY--AUTHOR NAME | |
| Personal name | Emerson, Ralph Waldo, |
| 245 14 - TITLE STATEMENT | |
| Title | The method of nature |
| 260 ## - PUBLICATION, DISTRIBUTION, ETC. (IMPRINT) | |
| Place of publication | [South Bend, IN] : |
| Name of publisher | Infomotions, Inc. ; |
| Place of publication | [Blacksburg, VA] : |
| Name of publisher | Virginia Tech., |
| Year of publication | 2001, c1841. |
| 300 ## - PHYSICAL DESCRIPTION | |
| Number of Pages | 12 p. |
| 650 #0 - SUBJECT ADDED ENTRY--TOPICAL TERM | |
| Topical Term | Nature. |
| Topical Term | Soul. |
| 856 40 - ELECTRONIC LOCATION AND ACCESS | |
| Uniform Resource Identifier | http://site.ebrary.com/lib/rucke/Doc?id=5000592 |
No items available.
